000
00299nam a22001337a 4500
008
171030b xxu||||| |||| 00| 0 eng d
020
_a
9780065011562
041
_a
eng
080
_a
336
100
_a
56
101
_a
FIN
245
_a
FINANCIAL RISK MANAGEMENT
_c
CAMPBELL.T.S
942
_2
udc
_c
BK
999
_c
36318
_d
36318